[Event "10th EICC"]
[Site "Budva MNE"]
[Date "2009.03.06"]
[Round "1"]
[White "Schmidt,Rau"]
[Black "L'Ami,E"]
[Result "0-1"]
[WhiteElo "2382"]
[BlackElo "2603"]
[EventDate "2009.03.06"]

1. Nf3 Nf6 2. c4 e6 3. Nc3 Bb4 4. g4 h6 5. Rg1 b6 6. h4 Bb7 7. g5 hxg5 8.
hxg5 Ne4 9. Nxe4 Bxe4 10. a3 Be7 11. d3 Bxf3 12. exf3 c5 13. d4 Nc6 14. d5
Nd4 15. Be3 Nf5 16. f4 g6 17. Bd3 Qc7 18. Qf3 Rb8 19. dxe6 dxe6 20. Rh1
Rxh1+ 21. Qxh1 Bf8 22. Qh8 Rd8 23. O-O-O Qc6 24. Bc2 Rxd1+ 25. Bxd1 Nd6 26.
Qe5 Kd7 27. Qh8 Be7 28. Qb8 Nc8 29. Qe5 Nd6 30. Qc3 Qe4 31. b3 Qh1 32. b4
Nf5 33. Kd2 Qc6 34. Bc2 cxb4 35. axb4 Qd6+ 36. Qd3 Qxd3+ 37. Kxd3 Bxb4 38.
Ba4+ Ke7 39. Bd4 Nxd4 40. Kxd4 Bc5+ 41. Ke5 Bxf2 42. Bc6 a5 43. Ba4 Be1 44.
Bb5 Bc3+ 45. Ke4 f6 46. gxf6+ Kxf6 47. Be8 Bb2 48. Ba4 Ke7 49. Bc2 Kf6 50.
Ba4 e5 51. fxe5+ Bxe5 52. Kd5 g5 53. Bd7 Ke7 54. Ba4 Bd6 55. Bd1 Bc5 56.
Ke5 Be3 57. Ke4 Bf4 58. Kd5 Bd6 59. Kc6 Bc5 60. Kd5 Kf6 61. Ke4 Ke6 62.
Bg4+ Kd6 63. Bd1 Ba3 64. Bg4 Bb2 65. Bd1 Kc5 66. Kd3 Bf6 0-1

[Event "10th EICC"]
[Site "Budva MNE"]
[Date "2009.03.06"]
[Round "1"]
[White "Huzman,A"]
[Black "Reutsky,S"]
[Result "1-0"]
[WhiteElo "2602"]
[BlackElo "2381"]
[EventDate "2009.03.06"]

1. Nf3 f5 2. g3 Nf6 3. Bg2 g6 4. d4 Bg7 5. b4 O-O 6. Bb2 d6 7. c4 c5 8.
bxc5 dxc5 9. e3 Ne4 10. Nbd2 Nc6 11. O-O Qa5 12. Nxe4 fxe4 13. Nd2 cxd4 14.
exd4 Rd8 15. Nb3 Qg5 16. Bxe4 Bg4 17. Qd3 Rac8 18. Qe3 Qh5 19. Rac1 a5 20.
a4 Nb4 21. Bxb7 Rc7 22. Bg2 Na2 23. Ra1 Nb4 24. Rac1 Na2 25. Rce1 Nb4 26.
c5 Nc2 27. Qc3 Nxe1 28. Rxe1 Rcd7 29. c6 Rc7 30. Nc5 Kh8 31. Qb3 Bh3 32.
Bxh3 Qxh3 33. Ne6 Rdc8 34. Ng5 1-0

[Event "10th EICC"]
[Site "Budva MNE"]
[Date "2009.03.06"]
[Round "1"]
[White "Chudinovskikh,A"]
[Black "Kurnosov,I"]
[Result "0-1"]
[WhiteElo "2379"]
[BlackElo "2602"]
[EventDate "2009.03.06"]

1. Nf3 c5 2. c4 g6 3. d4 Bg7 4. e4 Qb6 5. dxc5 Qxc5 6. Be2 Nc6 7. O-O d6 8.
a3 Bg4 9. Nfd2 Bxe2 10. Qxe2 Rc8 11. b4 Nd4 12. Qd1 Qh5 13. Qa4+ b5 14.
cxb5 Ne2+ 15. Kh1 Bxa1 16. b6+ Kf8 17. Qd7 Rxc1 18. bxa7 Kg7 19. a8=Q Nf6
20. Qxh8+ Kxh8 21. Qxe7 Kg7 22. Rxc1 Ng4 23. h4 Bf6 0-1

[Event "10th EICC"]
[Site "Budva MNE"]
[Date "2009.03.06"]
[Round "1"]
[White "Azarov,S"]
[Black "Lamoureux,C"]
[Result "1-0"]
[WhiteElo "2600"]
[BlackElo "2374"]
[EventDate "2009.03.06"]

1. e4 c5 2. Nf3 e6 3. d4 cxd4 4. Nxd4 a6 5. Be2 Qc7 6. O-O Nf6 7. Nc3 d6 8.
f4 Be7 9. Kh1 Nc6 10. Be3 O-O 11. Qe1 Nxd4 12. Bxd4 b5 13. a3 Bb7 14. Qg3
Rad8 15. Rae1 Rd7 16. Bd3 Re8 17. Re3 Qd8 18. Qh3 g6 19. Ref3 Bf8 20. f5
exf5 21. exf5 g5 22. Rg3 h6 23. Nd1 Be4 24. Ne3 d5 25. Bxf6 Qxf6 26. Ng4
Qh8 27. Qh5 Rd6 28. h4 Qh7 29. Rh3 Qg7 30. f6 Qh7 31. hxg5 d4 32. gxh6 Rde6
33. Qg5+ 1-0

[Event "10th EICC"]
[Site "Budva MNE"]
[Date "2009.03.06"]
[Round "1"]
[White "Erturan,Y"]
[Black "Bartel,Mat"]
[Result "0-1"]
[WhiteElo "2372"]
[BlackElo "2594"]
[EventDate "2009.03.06"]

1. e4 c6 2. d4 d5 3. e5 Bf5 4. Nf3 e6 5. Be2 Nd7 6. Nbd2 Bg6 7. O-O Nh6 8.
Re1 Be7 9. Nf1 Nf5 10. Ne3 Nxe3 11. Bxe3 O-O 12. c3 c5 13. dxc5 Nxc5 14.
Bd4 Rc8 15. b4 Ne4 16. Qb3 Bh5 17. Bd3 Bxf3 18. gxf3 Ng5 19. Kg2 f5 20. f4
Ne4 21. Rad1 Bh4 22. c4 Kh8 23. cxd5 exd5 24. Rg1 Qe8 25. f3 Qh5 26. Bb5
Bf2 27. fxe4 Bxg1 28. Rxg1 a6 29. Kh1 axb5 30. e6 Rg8 31. exd5 Qe2 32. Qe3
Qxe3 33. Bxe3 Rc3 34. Re1 Rd3 35. e7 Rxd5 36. Bc5 Re8 37. Re6 Kg8 38. Rb6
Kf7 39. Rxb7 Ra8 40. e8=Q+ Kxe8 41. Rxg7 Rxa2 42. Rxh7 Rd1+ 43. Bg1 Rf2 0-1

[Event "10th EICC"]
[Site "Budva MNE"]
[Date "2009.03.06"]
[Round "1"]
[White "Kozul,Z"]
[Black "Onoprienko,V"]
[Result "1-0"]
[WhiteElo "2594"]
[BlackElo "2372"]
[EventDate "2009.03.06"]

1. d4 d5 2. c4 c6 3. Nc3 Nf6 4. e3 a6 5. Nf3 b5 6. c5 g6 7. Bd3 Bg7 8. Qc2
O-O 9. O-O Nbd7 10. e4 b4 11. Na4 dxe4 12. Bxe4 Nxe4 13. Qxe4 Nf6 14. Qh4
Nd5 15. Re1 f6 16. Nd2 Bf5 17. Nc4 Qc7 18. Nab6 Rad8 19. Qg3 Qxg3 20. hxg3
Kf7 21. Na5 Nxb6 22. cxb6 Bd7 23. Bd2 e5 24. Bxb4 exd4 25. Re7+ Kg8 26. Nb7
Rfe8 27. Nxd8 Rxd8 28. b7 1-0

[Event "10th EICC"]
[Site "Budva MNE"]
[Date "2009.03.06"]
[Round "1"]
[White "Masic,P"]
[Black "Svetushkin,D"]
[Result "1/2-1/2"]
[WhiteElo "2371"]
[BlackElo "2593"]
[EventDate "2009.03.06"]

1. e4 g6 2. d4 Bg7 3. Nc3 c6 4. Nf3 d6 5. h3 Nf6 6. a4 O-O 7. Be3 Nbd7 8.
a5 Rb8 9. Be2 b5 10. axb6 axb6 11. O-O b5 12. e5 Ne8 13. Bf4 Nb6 14. Re1
Bf5 15. exd6 exd6 16. Bd3 Be6 17. Ra7 Nc7 18. Bg5 f6 19. Bf4 Bf7 20. Ne4
Nc8 21. Ra1 Ne6 22. Bg3 h6 23. d5 cxd5 24. Nc3 f5 25. Nxd5 Nb6 26. Nb4 Qd7
27. c3 Rfe8 28. Ra5 Nc4 29. Bxc4 bxc4 30. Qxd6 Qxd6 31. Bxd6 Ng5 32. Rxe8+
Rxe8 33. Ne5 Ne4 34. Nxf7 Kxf7 35. Ra7+ Kg8 36. Be7 f4 37. Nd5 Rb8 38. Nb4
g5 39. Kf1 Rb5 40. Rd7 Re5 41. Nc6 Re6 42. Na5 Nxc3 43. Nxc4 Ne4 44. Bb4
Rc6 45. b3 h5 46. Re7 Nc5 47. Bxc5 Rxc5 48. Rb7 Kh7 49. Ke2 Kg6 50. Rb6+
Kh7 51. Kf3 Rd5 52. Rd6 Rb5 53. Rb6 Rd5 54. h4 gxh4 55. Kxf4 Bd4 56. Rb7+
Kg6 57. Ke4 Rd8 58. f4 Bf6 59. Rb6 Rd4+ 60. Ke3 Rd1 61. Rd6 Rh1 62. Ke4 h3
63. gxh3 Rxh3 64. Ne5+ Kg7 65. Rd3 Rh1 66. Kf5 Bxe5 67. fxe5 h4 68. Re3 Kf7
69. e6+ Ke7 70. Kg4 Rh2 71. Re1 1/2-1/2

[Event "10th EICC"]
[Site "Budva MNE"]
[Date "2009.03.06"]
[Round "1"]
[White "Kontic,D"]
[Black "Stevic,H"]
[Result "0-1"]
[WhiteElo "2369"]
[BlackElo "2592"]
[EventDate "2009.03.06"]

1. e4 e5 2. Nf3 Nc6 3. Bc4 Nf6 4. O-O Nxe4 5. Nc3 Nd6 6. Bb3 Be7 7. Re1 e4
8. Nxe4 Nxe4 9. Rxe4 d5 10. Re1 Bg4 11. d4 Bxf3 12. Qxf3 Nxd4 13. Qg4 Ne6
14. f4 O-O 15. f5 Bc5+ 16. Kh1 Nd4 17. Bh6 Qf6 18. Bg5 Qxf5 19. Qxf5 Nxf5
20. Bxd5 h6 21. Bf4 c6 22. Be4 Nd4 23. Be5 Ne6 24. c3 Rad8 25. Rad1 Rxd1
26. Rxd1 Re8 27. Bf5 Ng5 28. Bc7 g6 29. Bd3 Ne4 30. Bg3 Nxg3+ 31. hxg3 h5
32. Bc4 Re7 33. a4 a5 34. Kh2 Kg7 35. Kh3 f5 36. Rd8 Re1 37. Kh2 Bg1+ 38.
Kh3 Re3 39. Rd7+ Kh6 40. Rd3 Rxd3 41. Bxd3 g5 42. g4 hxg4+ 43. Kg3 Kg6 44.
b4 Bb6 45. Kh2 Kf6 46. Kg3 Ke5 47. Bc2 Be3 48. bxa5 Bd2 49. Kf2 Bxc3 50. a6
bxa6 51. Ke3 f4+ 52. Kd3 Bd4 53. Ke2 a5 54. Bg6 f3+ 55. gxf3 g3 56. Kf1 c5
57. Kg2 Bf2 0-1

[Event "10th EICC"]
[Site "Budva MNE"]
[Date "2009.03.06"]
[Round "1"]
[White "Damljanovic,B"]
[Black "Ogloblin,N"]
[Result "1-0"]
[WhiteElo "2587"]
[BlackElo "2362"]
[EventDate "2009.03.06"]

1. d4 Nf6 2. Nf3 e6 3. c4 b6 4. g3 Bb4+ 5. Bd2 a5 6. Bg2 Bb7 7. O-O O-O 8.
Bf4 Be7 9. Nc3 Ne4 10. Qc2 Nxc3 11. bxc3 f5 12. d5 Na6 13. Rad1 Qc8 14. e4
fxe4 15. Qxe4 Nc5 16. Qc2 Ba6 17. Rfe1 Bxc4 18. Rd4 Ba6 19. c4 Qe8 20. Bxc7
Qh5 21. Re5 Qh6 22. Bxb6 d6 23. Re3 e5 24. Rd1 Rac8 25. h4 Bd8 26. Bxd8
Rcxd8 27. Ng5 Bc8 28. Qd2 a4 29. Ne4 Nxe4 30. Rxe4 Qxd2 31. Rxd2 Bf5 32.
Re3 Rc8 33. Bf1 Bg4 34. Rb2 Rf6 35. Ra3 Ra8 36. Kg2 Bf5 37. Be2 Be4+ 38. f3
Bf5 39. Kf2 h6 40. Ke3 g5 41. h5 Bd7 42. Rb6 Kf7 43. Rc3 Ke7 44. Rc1 Rc8
45. Rcb1 Rc7 46. Ra6 Be8 47. g4 Bd7 48. Rb8 Be8 49. Raa8 Bf7 50. Bd3 Rf4
51. Rh8 1-0

[Event "10th EICC"]
[Site "Budva MNE"]
[Date "2009.03.06"]
[Round "1"]
[White "Leniart,A"]
[Black "Zhigalko,S"]
[Result "1/2-1/2"]
[WhiteElo "2360"]
[BlackElo "2587"]
[EventDate "2009.03.06"]

1. e4 Nf6 2. Nc3 e5 3. Nf3 Nc6 4. d4 exd4 5. Nxd4 Bb4 6. Nxc6 bxc6 7. Bd3
d5 8. exd5 cxd5 9. O-O O-O 10. Bg5 c6 11. Qf3 Rb8 12. Ne2 Bg4 13. Bxf6 Bxf3
14. Bxd8 Bxe2 15. Bxe2 Rfxd8 16. Rfd1 Be7 17. Rab1 Bf6 18. b4 Bc3 19. b5 c5
20. Rb3 d4 21. Ra3 Re8 22. Bc4 Re7 23. g3 g6 24. Kg2 Kg7 25. Ra6 Rb6 26.
Rb1 f5 27. Rb3 Bb4 28. f4 Kf6 29. Rf3 Reb7 30. Rxb6+ axb6 31. Rf2 Re7 32.
Re2 Rxe2+ 33. Bxe2 h6 34. h4 Be1 35. Bc4 h5 36. Kf3 1/2-1/2

[Event "10th EICC"]
[Site "Budva MNE"]
[Date "2009.03.06"]
[Round "1"]
[White "Hillarp Persson,T"]
[Black "Zolotukhin,V"]
[Result "1-0"]
[WhiteElo "2586"]
[BlackElo "2358"]
[EventDate "2009.03.06"]

1. e4 c5 2. Nf3 Nc6 3. Bb5 d6 4. O-O Bd7 5. Re1 Nf6 6. c3 a6 7. Bf1 Bg4 8.
h3 Bh5 9. d3 e6 10. Nbd2 Be7 11. g4 Bg6 12. Nh4 Nd7 13. Ng2 h6 14. f4 Bh7
15. Nf3 O-O 16. f5 Nde5 17. Nf4 Nxf3+ 18. Qxf3 Bh4 19. Re2 Kh8 20. Qg2 Qe7
21. Be3 Rae8 22. Rd1 g6 23. Bc1 gxf5 24. exf5 Bxf5 25. gxf5 Rg8 26. Ng6+
fxg6 27. Rxe6 gxf5 28. Rxh6+ Qh7 29. Rxh7+ Kxh7 30. Bf4 d5 31. Kh1 Rxg2 32.
Bxg2 d4 33. Bd6 dxc3 34. bxc3 Re1+ 35. Rxe1 Bxe1 36. Bxc6 bxc6 37. c4 Bf2
38. Kg2 Bd4 39. Kf3 Kg6 40. Be7 Bg1 41. Bh4 Bh2 42. Bg3 Bxg3 43. Kxg3 a5
44. Kf4 a4 45. a3 Kf6 46. h4 Kg6 47. Ke5 Kh5 48. Kxf5 Kxh4 49. Ke5 Kg3 50.
Kd6 Kf3 51. Kxc6 Ke3 52. Kxc5 Kxd3 53. Kb4 Kd4 54. c5 1-0

[Event "10th EICC"]
[Site "Budva MNE"]
[Date "2009.03.06"]
[Round "1"]
[White "Van Eijk,S"]
[Black "Gagunashvili,M"]
[Result "0-1"]
[WhiteElo "2355"]
[BlackElo "2585"]
[EventDate "2009.03.06"]

1. e4 d6 2. d4 g6 3. Be3 Bg7 4. Nc3 c6 5. f4 e5 6. Nf3 exf4 7. Bxf4 Bg4 8.
Qd2 Bxf3 9. gxf3 Bh6 10. O-O-O Qh4 11. Bxh6 Nxh6 12. d5 O-O 13. dxc6 Nxc6
14. Qxd6 Rad8 15. Qg3 Rxd1+ 16. Kxd1 Qf6 17. Bd3 Qg7 18. Qc7 f5 19. Qxg7+
Kxg7 20. Nb5 f4 21. Rg1 Nf7 22. c3 Nfe5 23. Ke2 Rd8 24. Bc2 Rd2+ 25. Kxd2
Nxf3+ 26. Ke2 Nxg1+ 27. Kf2 Nh3+ 28. Kg2 Ng5 29. h4 Ne6 30. Bb3 Nc5 31. Nd4
Ne5 32. Bd5 b6 33. a4 Nxa4 34. Ne6+ Kf6 35. Nxf4 Nxb2 36. Bb3 Ned3 37. Nd5+
Ke5 38. Kf3 Nc5 39. Bc2 Nc4 40. Nb4 a5 41. Nc6+ Kd6 42. Nd4 a4 43. Kf4 a3
44. e5+ Kd5 45. Bb1 Na4 46. Be4+ Kc5 47. Nb3+ Kb5 48. e6 Nxc3 49. e7 Nd6
50. Bf3 a2 51. Ke5 Ne8 52. h5 Kb4 53. Na1 0-1

[Event "10th EICC"]
[Site "Budva MNE"]
[Date "2009.03.06"]
[Round "1"]
[White "Iordachescu,V"]
[Black "Plenkovic,Z"]
[Result "1-0"]
[WhiteElo "2584"]
[BlackElo "2354"]
[EventDate "2009.03.06"]

1. e4 d5 2. exd5 Qxd5 3. Nc3 Qd6 4. d4 g6 5. Nb5 Qd8 6. Bf4 Na6 7. Nc3 Nf6
8. Nf3 Nb4 9. a3 Nbd5 10. Nxd5 Nxd5 11. Be5 Nf6 12. Bc4 Bh6 13. O-O O-O 14.
h3 c6 15. Re1 Nd5 16. Bf1 b5 17. a4 b4 18. a5 Be6 19. Nd2 Nf4 20. Ne4 Bd5
21. Nc5 f6 22. Bxf4 Bxf4 23. Ne6 Bxe6 24. Rxe6 Bd6 25. h4 c5 26. h5 cxd4
27. hxg6 hxg6 28. Qg4 Kg7 29. Bd3 g5 30. Qh5 Rh8 31. Qg6+ Kf8 32. Bc4 Qc7
33. Rxf6+ 1-0

[Event "10th EICC"]
[Site "Budva MNE"]
[Date "2009.03.06"]
[Round "1"]
[White "Porat,I"]
[Black "Erdos,V"]
[Result "1/2-1/2"]
[WhiteElo "2353"]
[BlackElo "2582"]
[EventDate "2009.03.06"]

1. d4 Nf6 2. c4 e6 3. g3 d5 4. Nf3 Be7 5. Bg2 O-O 6. Qc2 c5 7. dxc5 Qa5+ 8.
Qc3 Qxc5 9. cxd5 Nxd5 10. Qxc5 Bxc5 11. Bd2 Nc6 12. Nc3 Nxc3 13. Bxc3 f6
14. Rc1 Be7 15. Nd2 Rd8 16. O-O e5 17. Nc4 Be6 18. Bxc6 bxc6 19. b3 Kf7 20.
Rfd1 Rd5 21. e4 Rxd1+ 22. Rxd1 Bxc4 23. bxc4 Ke6 24. Rb1 Rd8 25. Kf1 Rd3
26. Rc1 Ba3 27. Rc2 Rd1+ 28. Ke2 Rb1 29. Bd2 Bc5 30. Be3 Bd4 31. c5 Rb4 32.
Bxd4 Rxd4 33. Ke3 f5 34. f3 g5 35. Rd2 f4+ 36. gxf4 gxf4+ 37. Ke2 Rxd2+ 38.
Kxd2 1/2-1/2

[Event "10th EICC"]
[Site "Budva MNE"]
[Date "2009.03.06"]
[Round "1"]
[White "Banikas,H"]
[Black "Serov,M"]
[Result "1-0"]
[WhiteElo "2582"]
[BlackElo "2352"]
[EventDate "2009.03.06"]

1. d4 Nf6 2. c4 d6 3. Nc3 Nbd7 4. e4 e5 5. Nge2 Be7 6. Ng3 h6 7. Be3 g6 8.
f3 Nh7 9. Qd2 Bg5 10. f4 exf4 11. Bxf4 Nhf8 12. Nge2 Ne6 13. g3 Nxf4 14.
gxf4 Bh4+ 15. Ng3 c5 16. O-O-O O-O 17. Rg1 Kh7 18. Kc2 Nb6 19. Be2 cxd4 20.
Qxd4 Be6 21. Nh5 Rg8 22. f5 Bd7 23. Nf4 Bf6 24. Qxd6 Rc8 25. b3 Rc6 26. Qd3
Qf8 27. fxg6+ fxg6 28. Nxg6 Rxg6 29. Rxg6 Kxg6 30. e5+ Kg7 31. exf6+ Qxf6
32. Rg1+ Kh8 33. Qg3 Rc8 34. Bd3 Bf5 35. Rf1 Bxd3+ 36. Qxd3 Qg7 37. Qe4 Rd8
38. Rf2 Rg8 39. Nb5 Rd8 40. Rg2 Qf6 41. Qg6 Qxg6+ 42. Rxg6 Kh7 43. Rd6 Ra8
44. a4 1-0

[Event "10th EICC"]
[Site "Budva MNE"]
[Date "2009.03.06"]
[Round "1"]
[White "Mastrovasilis,D"]
[Black "Anton,T"]
[Result "0-1"]
[WhiteElo "2580"]
[BlackElo "2350"]
[EventDate "2009.03.06"]

1. e4 e5 2. Nf3 Nc6 3. Bb5 a6 4. Bxc6 dxc6 5. Nc3 f6 6. d4 exd4 7. Nxd4 c5
8. Nde2 Qxd1+ 9. Nxd1 Be6 10. Bf4 O-O-O 11. Ne3 Ne7 12. Rd1 Rxd1+ 13. Kxd1
Nc6 14. Kc1 Be7 15. Bg3 Re8 16. Rd1 b6 17. Nf4 Bf7 18. Nfd5 Bd8 19. Nf5 g6
20. Nxb6+ Kb7 21. Nh6 Bxa2 22. Na4 f5 23. f4 fxe4 24. b3 c4 25. Kb2 Nb4 26.
Be1 Bf6+ 27. Ka3 Nxc2+ 28. Kxa2 Ne3 29. Rd2 c3 30. Re2 c2 31. Bd2 Nd5 32.
b4 e3 33. Bc1 Nxf4 34. Nc5+ Kc6 35. Rxc2 Kb5 36. Ng4 e2 37. Bd2 Bd4 38. Nb3
Bb6 39. Rc1 Nd3 40. Re1 Nxe1 41. Bxe1 h5 42. Nf6 Rf8 0-1

[Event "10th EICC"]
[Site "Budva MNE"]
[Date "2009.03.06"]
[Round "1"]
[White "Pesotsky,V"]
[Black "Bosiocic,Mari"]
[Result "0-1"]
[WhiteElo "2343"]
[BlackElo "2578"]
[EventDate "2009.03.06"]

1. e4 c5 2. Nf3 Nc6 3. d4 cxd4 4. Nxd4 Qc7 5. Nc3 e6 6. Be2 a6 7. O-O Nf6
8. Nxc6 bxc6 9. f4 d5 10. e5 Nd7 11. Na4 Be7 12. c4 Qa7+ 13. Kh1 O-O 14.
Rf3 Bb7 15. Rh3 g6 16. b4 Bxb4 17. Rb1 Be7 18. c5 Rab8 19. Rbb3 Ba8 20. f5
exf5 21. Qd2 Rxb3 22. axb3 Re8 23. Qh6 Nf8 24. Bb2 Bd8 25. Nb6 Re6 26. Nc8
Qxc5 27. Nd6 d4 0-1

[Event "10th EICC"]
[Site "Budva MNE"]
[Date "2009.03.06"]
[Round "1"]
[White "Halkias,S"]
[Black "Aleskerov,F"]
[Result "1-0"]
[WhiteElo "2578"]
[BlackElo "2340"]
[EventDate "2009.03.06"]

1. Nf3 g6 2. d4 c5 3. e3 Bg7 4. c4 e6 5. Nc3 Ne7 6. Ne4 cxd4 7. Nd6+ Kf8 8.
exd4 Nf5 9. Nxf5 Qa5+ 10. Bd2 Qxf5 11. Bd3 Qh5 12. g4 Qxg4 13. Rg1 Qh3 14.
Rg3 Qh5 15. Rg5 Qh6 16. Rc5 Qh3 17. Rxc8+ Ke7 18. Bb4+ d6 19. Rc7+ Nd7 20.
Ne5 Rhd8 21. Rxb7 Qxh2 22. Nc6+ Ke8 23. Qa4 Qh1+ 24. Bf1 Rdc8 25. Bxd6 Qh5
26. c5 Bh6 27. Bg2 1-0

[Event "10th EICC"]
[Site "Budva MNE"]
[Date "2009.03.06"]
[Round "1"]
[White "Bonte,An"]
[Black "Maze,S"]
[Result "0-1"]
[WhiteElo "2335"]
[BlackElo "2579"]
[EventDate "2009.03.06"]

1. d4 Nf6 2. c4 e6 3. Nc3 c5 4. e3 d5 5. Nf3 Nc6 6. a3 a6 7. dxc5 Bxc5 8.
b4 Ba7 9. Bb2 O-O 10. Qc2 Qe7 11. Rd1 Rd8 12. Be2 dxc4 13. Rxd8+ Nxd8 14.
Ne4 Nxe4 15. Qxe4 Bd7 16. Bxc4 Rc8 17. Bb3 Bb5 18. h4 Kh8 19. Ng5 f5 20.
Qf3 Qe8 21. h5 h6 22. Nh3 Bb8 23. Nf4 a5 24. Qg3 Qd7 25. Qg6 Bxf4 26. exf4
axb4 27. Rh3 bxa3 28. Qxh6+ Kg8 29. Bc3 0-1

[Event "10th EICC"]
[Site "Budva MNE"]
[Date "2009.03.06"]
[Round "1"]
[White "Yemelin,V"]
[Black "Vojinovic,J"]
[Result "1-0"]
[WhiteElo "2578"]
[BlackElo "2331"]
[EventDate "2009.03.06"]

1. d4 Nf6 2. Bg5 g6 3. Bxf6 exf6 4. g3 f5 5. Bg2 d6 6. e3 Nd7 7. Ne2 Bg7 8.
c4 h5 9. h4 O-O 10. Nbc3 Nf6 11. b4 c6 12. b5 Bd7 13. Rb1 Qe7 14. O-O Ne4
15. Qc2 Nf6 16. bxc6 Bxc6 17. Nf4 Bxg2 18. Kxg2 Ng4 19. Nfd5 Qd7 20. Qa4
Qxa4 21. Nxa4 b6 22. Nac3 Rfd8 23. Rb4 Nf6 24. Rfb1 Rd7 25. Ra4 Rb8 26. Kf3
Ne8 27. Rb3 Bf6 28. Rba3 a5 29. Rb3 Rdb7 30. Raa3 Bd8 31. Ke2 Nc7 32. Nxc7
Bxc7 33. Nb5 1-0

[Event "10th EICC"]
[Site "Budva MNE"]
[Date "2009.03.06"]
[Round "1"]
[White "Vulevic,V"]
[Black "Romanov,E"]
[Result "0-1"]
[WhiteElo "2325"]
[BlackElo "2576"]
[EventDate "2009.03.06"]

1. d4 Nf6 2. c4 e6 3. g3 c5 4. d5 exd5 5. cxd5 d6 6. Bg2 g6 7. Nf3 Bg7 8.
O-O O-O 9. Nc3 Na6 10. h3 Nc7 11. a4 Re8 12. Nd2 b6 13. Re1 Ba6 14. g4 h6
15. Nf1 Qe7 16. Ng3 Nd7 17. Nge4 Ne5 18. g5 hxg5 19. Bxg5 f6 20. Bh4 g5 21.
Bg3 f5 22. Nd2 Rf8 23. f3 Ng6 24. e4 f4 25. Bf2 Ne5 26. Bf1 Bc8 27. Qb3 Qf7
28. Nb5 Nxb5 29. axb5 Qh5 30. Ra3 Bxh3 31. Nc4 g4 32. Nxe5 Bxe5 0-1

[Event "10th EICC"]
[Site "Budva MNE"]
[Date "2009.03.06"]
[Round "1"]
[White "Vuckovic,Bo"]
[Black "Vujic,M"]
[Result "1-0"]
[WhiteElo "2576"]
[BlackElo "2322"]
[EventDate "2009.03.06"]

1. e4 e5 2. Nf3 Nc6 3. Bb5 a6 4. Ba4 Nf6 5. O-O Be7 6. Re1 b5 7. Bb3 O-O 8.
h3 Bb7 9. d3 d5 10. exd5 Nxd5 11. Nxe5 Nd4 12. Nc3 Nxb3 13. axb3 Nb4 14.
Ne4 f5 15. Nd2 Bf6 16. Ndf3 Qd6 17. d4 Be4 18. Re2 Rad8 19. c3 Bxe5 20.
Nxe5 Nc2 21. Rxe4 Nxa1 22. Re1 Qd5 23. Bg5 Nxb3 24. Bxd8 Rxd8 25. Nd3 Qf7
26. Re5 Na5 27. Qe2 Nc6 28. Re6 Qd7 29. Nc5 Qd5 30. Re8+ Kf7 31. Qh5+ g6
32. Rxd8 Qxd8 33. Qxh7+ Kf6 34. Qh4+ Kf7 35. Qh7+ Kf6 36. Nxa6 Ne7 37. Nc5
Qd6 38. Qh8+ Kf7 39. Nb7 1-0

[Event "10th EICC"]
[Site "Budva MNE"]
[Date "2009.03.06"]
[Round "1"]
[White "Sekulic,D"]
[Black "Khairullin,I"]
[Result "1/2-1/2"]
[WhiteElo "2316"]
[BlackElo "2574"]
[EventDate "2009.03.06"]

1. d4 Nf6 2. Nf3 e6 3. c4 b6 4. a3 Bb7 5. Nc3 d5 6. Bg5 Be7 7. Qa4+ c6 8.
cxd5 exd5 9. Bxf6 Bxf6 10. g3 O-O 11. Bg2 c5 12. O-O Na6 13. Rfd1 Nc7 14.
Rac1 Qe7 15. e3 Rfd8 16. dxc5 bxc5 17. Qa5 Ne6 18. b4 d4 19. exd4 cxd4 20.
Na4 d3 21. Nc5 Nxc5 22. bxc5 Rac8 23. Qxa7 Bxf3 24. Qxe7 Bxe7 25. Bxf3 Bxc5
26. Kg2 Bxa3 27. Rxd3 Bf8 28. Rd7 Re8 29. Bd5 Re7 1/2-1/2

[Event "10th EICC"]
[Site "Budva MNE"]
[Date "2009.03.06"]
[Round "1"]
[White "Andersson,U"]
[Black "Simeonidis,I"]
[Result "1-0"]
[WhiteElo "2571"]
[BlackElo "2303"]
[EventDate "2009.03.06"]

1. Nf3 c5 2. c4 g6 3. d4 cxd4 4. Nxd4 Nc6 5. e4 Nf6 6. Nc3 d6 7. Be2 Nxd4
8. Qxd4 Bg7 9. Bg5 O-O 10. Qd2 a5 11. O-O a4 12. Rac1 Qa5 13. f3 Be6 14.
Nd5 Qxd2 15. Bxd2 Nxd5 16. cxd5 Bd4+ 17. Kh1 Bd7 18. Rc2 Rfc8 19. Rfc1 Rxc2
20. Rxc2 Rc8 21. Rxc8+ Bxc8 22. Bc1 Bd7 23. g4 e6 24. Kg2 exd5 25. exd5 f5
26. h3 Kf7 27. b3 axb3 28. axb3 Kf6 29. f4 h6 30. Kf3 g5 31. Bd3 b6 32. Ba3
fxg4+ 33. hxg4 Ke7 34. Bc1 Kf6 35. Bd2 b5 36. Be2 Ba1 37. Be3 Bc3 38. Ke4
Bb2 39. Bd2 Ba1 40. Kf3 Bd4 41. Bd3 Bb2 42. Be2 Bd4 43. Ke4 Bb2 44. Ba5
gxf4 45. Bd8+ Kg6 46. Kxf4 Be5+ 47. Ke4 Bf6 48. Ba5 Be5 49. Bd2 Kg7 50. Kd3
Kg6 51. Kc2 Kg7 52. Kb1 Kg6 53. Ka2 Bd4 54. Bf4 Be5 55. Be3 Bc3 56. Ka3 Bc8
57. Bf4 Ba6 58. Bf3 b4+ 59. Ka4 Be5 60. Bxe5 dxe5 61. Kxb4 Kg5 62. d6 Bc8
63. Kc5 Kf4 64. Bd1 1-0

[Event "10th EICC"]
[Site "Budva MNE"]
[Date "2009.03.06"]
[Round "1"]
[White "Mijovic,S"]
[Black "Jankovic,A"]
[Result "0-1"]
[WhiteElo "2300"]
[BlackElo "2571"]
[EventDate "2009.03.06"]

1. e4 c5 2. Nf3 Nc6 3. d4 cxd4 4. Nxd4 Nf6 5. Nc3 d6 6. Be2 e5 7. Nf3 h6 8.
O-O Be7 9. Re1 O-O 10. h3 a6 11. a4 Be6 12. Bf1 Qc7 13. Nd5 Bxd5 14. exd5
Nb4 15. c4 a5 16. Bd2 Rfe8 17. Rc1 Nd7 18. Bxb4 axb4 19. Bd3 Nc5 20. b3 g6
21. Bc2 Qb6 22. h4 h5 23. Ng5 Bxg5 24. hxg5 e4 25. Re3 Re5 26. Qd2 Qd8 27.
Qxb4 Qxg5 28. Qb6 Qe7 29. a5 f5 30. b4 f4 31. Rh3 e3 32. f3 Nd7 33. Qxb7
Rb8 34. Qa7 Rxb4 35. Qd4 Nc5 36. Qxf4 Rxd5 37. Qh6 Rg5 38. Bxg6 Rb2 39.
Rxh5 Rbxg2+ 40. Kh1 Rxg6 41. Qh8+ Kf7 42. Rf5+ Ke6 43. Rf8 Qg5 44. Qh3+ Ke7
45. Rf5 Rg1+ 46. Kh2 Qg2+ 47. Qxg2 R6xg2+ 48. Kh3 Rxc1 49. Kxg2 e2 0-1

[Event "10th EICC"]
[Site "Budva MNE"]
[Date "2009.03.06"]
[Round "1"]
[White "Pikula,D"]
[Black "Misailovic,N"]
[Result "1-0"]
[WhiteElo "2570"]
[BlackElo "2293"]
[EventDate "2009.03.06"]

1. e4 c5 2. Nf3 d6 3. d4 cxd4 4. Nxd4 Nf6 5. Nc3 a6 6. Qe2 Qb6 7. Nb3 e6 8.
g4 Be7 9. g5 Nfd7 10. f4 Nc6 11. Be3 Qc7 12. O-O-O b5 13. Bg2 Bb7 14. Kb1
b4 15. Nd5 exd5 16. exd5 Na5 17. Nxa5 Qxa5 18. Bd4 Kd8 19. Rhe1 Re8 20. Qh5
f6 21. Qf7 fxg5 22. fxg5 Rc8 23. Re2 Rc7 24. Bxg7 Qb5 25. Bf3 Ne5 26. Bxe5
Rf8 27. Qh5 dxe5 28. Rxe5 Bd6 29. Re6 Qc5 30. Be4 Bc8 31. Rf6 Be5 32. Rxf8+
Qxf8 33. g6 Bg7 34. d6 Rd7 35. Qa5+ Ke8 36. Bc6 Qf6 37. Qxb4 hxg6 38. Qb8
Qd8 39. Re1+ Kf8 40. Bxd7 Qxd7 41. a3 Bf6 42. Re4 Qd8 43. Rb4 g5 44. Rb6
Kf7 45. Rc6 Bd7 46. Qb3+ Kg6 47. Rxa6 Qe8 48. Qd3+ Kh5 49. Qd1+ Kh4 50. Rb6
Qe5 51. Rb7 g4 52. Qc1 Bg5 53. Qg1 Qxd6 54. Qg3+ Qxg3 55. hxg3+ Kxg3 56.
Rxd7 Kf3 57. Rg7 Be3 58. c4 g3 59. Kc2 g2 60. Kd3 Bc1 61. Kc3 Bf4 62. Rxg2
Kxg2 63. Kd4 Bc1 64. c5 Kf3 65. c6 Bf4 66. a4 Bb8 67. a5 Kf4 68. Kd5 1-0

[Event "10th EICC"]
[Site "Budva MNE"]
[Date "2009.03.06"]
[Round "1"]
[White "Tassopoulos,M"]
[Black "Kotanjian,T"]
[Result "0-1"]
[WhiteElo "2293"]
[BlackElo "2568"]
[EventDate "2009.03.06"]

1. e4 c5 2. Nf3 Nc6 3. d4 cxd4 4. Nxd4 e6 5. Nc3 Qc7 6. Be3 a6 7. Bd3 Nf6
8. O-O Nxd4 9. Bxd4 Bc5 10. Bxc5 Qxc5 11. Qe2 d6 12. Kh1 b5 13. a4 b4 14.
Nb1 a5 15. Nd2 O-O 16. f4 e5 17. f5 Bb7 18. g4 d5 19. g5 dxe4 20. Nxe4 Nxe4
21. Bxe4 Bxe4+ 22. Qxe4 Rac8 23. Rae1 f6 24. gxf6 gxf6 25. Rg1+ Kh8 26. Rg2
Qc4 27. Qf3 Rfd8 28. Qb7 Rc7 29. Qb6 Qc6 30. Qxc6 Rxc6 31. Ree2 Rd1+ 32.
Rg1 Rxg1+ 33. Kxg1 Kg7 34. Kf1 Rc4 35. Rf2 Kh6 36. Kg2 Kg5 37. Kg3 Rg4+ 38.
Kh3 Rf4 39. Rg2+ Kxf5 40. Rg7 Rf2 0-1

[Event "10th EICC"]
[Site "Budva MNE"]
[Date "2009.03.06"]
[Round "1"]
[White "Perunovic,Mil"]
[Black "Djurovic,G"]
[Result "1-0"]
[WhiteElo "2568"]
[BlackElo "2279"]
[EventDate "2009.03.06"]

1. e4 c5 2. Nf3 e6 3. d4 cxd4 4. Nxd4 Nc6 5. Nc3 Qc7 6. Be2 Nf6 7. Be3 a6
8. O-O Bb4 9. Nxc6 bxc6 10. Qd4 Bd6 11. f4 e5 12. Qd2 exf4 13. Bxf4 Bxf4
14. Rxf4 O-O 15. Raf1 d6 16. Rxf6 gxf6 17. e5 d5 18. exf6 Kh8 19. Qh6 Rg8
20. Bd3 Bf5 21. Bxf5 Rg6 22. Bxg6 fxg6 23. f7 Qa7+ 24. Kh1 Qg1+ 25. Kxg1
Rg8 26. fxg8=R+ Kxg8 27. Rf8+ 1-0